000 00613nam a2200205Ia 4500
005 20250508150638.0
008 008 250505s9999 xx 000 0 eng d
037 _aTextual
040 _aFEDL
_beng
_cFEDL
041 _aeng
_2eng
084 _a150.19, KEL
_qFEDL
100 _aKeller Fred S.
245 0 _aDefinition of psychology: An introduction to psychological systems
260 _aNew York, USA
_bD Appleton - Century Company
_c1937
300 _avi,111p.
365 _aINR
_b7
490 _aThe century psychology series
942 _cTEXL
_h150.19, KEL
999 _c1324779
_d1324779